000 00576nam a22002297a 4500
003 UA-OsUOA
001 97043
007 ta
008 20130325b un ||||| |||| 00| 0 ukr d
100 _aВан Мэн
090 _a821.581
_bВ17
942 _cBK
040 _aUA-OsUOA
_brus
_cUA-OsUOA
_dUA-OsUOA
245 _aИзбранное
_bсборник
300 _a688 с.
955 _a3
041 _arus
080 _a821.581
260 _aМ.
_bРадуга
_c1988
650 7 _a82 Література. Літературознавство
_2UDC
999 _c383291
_d383291